Návrh pedagogického modelu okruhu výmenníka tepla
Saved in:
| Main Author: | |
|---|---|
| Other Authors: | |
| Format: | Manuscript Book |
| Language: | Slovak |
| Published: |
2025
|
| Subjects: | |
| Online Access: | http://is.stuba.sk/zp/portal_zp.pl?podrobnosti=185087 |
| Tags: |
No Tags, Be the first to tag this record!
|
MARC
| LEADER | 00000ntm a22000003a 4500 | ||
|---|---|---|---|
| 001 | stuzp103867 | ||
| 003 | SK-STU | ||
| 005 | 20250621210247.5 | ||
| 007 | ta | ||
| 008 | 150427s2015----xo-----f-mn---000-0-slo-d | ||
| 040 | |a STU |b slo | ||
| 041 | 0 | |a slo | |
| 100 | 1 | |a Pokorná, Petra |u 020060 |4 aut |U SjF Strojnícka fakulta |T SjF Ústav energetických strojov a zariadení |X 104908 |U J0060 |Y 805 |7 104908 | |
| 242 | 0 | 1 | |a Design of educational stand with heat exchanger |y eng |
| 245 | 1 | 0 | |a Návrh pedagogického modelu okruhu výmenníka tepla |
| 260 | |c 2025 | ||
| 650 | 4 | |a výmenník tepla |2 slo | |
| 650 | 4 | |a LMTD metóda |2 slo | |
| 650 | 4 | |a rúrka v rúrke |2 slo | |
| 650 | 4 | |a konštrukčný návrh |2 slo | |
| 650 | 4 | |a tube-in-tube |2 eng | |
| 650 | 4 | |a structural design |2 eng | |
| 650 | 4 | |a heat exchanger |2 eng | |
| 650 | 4 | |a LMTD method |2 eng | |
| 700 | 1 | |a Mlynár, Peter |u 020060 |k Z1 |4 ths |U SjF Strojnícka fakulta |T SjF Ústav energetických strojov a zariadení |X 13110 |U J0060 |Y 805 |7 A000013110 | |
| 856 | 4 | |u http://is.stuba.sk/zp/portal_zp.pl?podrobnosti=185087 | |